5HLuxD.jpg

KING HENRY VIII SENIOR AND PRIMARY SCHOOL LIBRARY OPAC

More favourite animal tales : (Record no. 1237)

000 -LEADER
fixed length control field 01475pam a2200361 a 4500
001 - CONTROL NUMBER
control field 014493460
003 - CONTROL NUMBER IDENTIFIER
control field Uk
005 - DATE AND TIME OF LATEST TRANSACTION
control field 20230104094841.0
008 - FIXED-LENGTH DATA ELEMENTS--GENERAL INFORMATION
fixed length control field 080108s2008 enka j 000 1 eng d
015 ## - NATIONAL BIBLIOGRAPHY NUMBER
National bibliography number GBA806531
Source bnb
016 7# - NATIONAL BIBLIOGRAPHIC AGENCY CONTROL NUMBER
Record control number 014493460
Source Uk
020 ## - INTERNATIONAL STANDARD BOOK NUMBER
International Standard Book Number 9781405237314
020 ## - INTERNATIONAL STANDARD BOOK NUMBER
International Standard Book Number 1405237317
040 ## - CATALOGING SOURCE
Original cataloging agency StDuBDS
Language of cataloging eng
Transcribing agency StDuBDS
Modifying agency Uk
-- KH8
042 ## - AUTHENTICATION CODE
Authentication code ukblsr
082 04 - DEWEY DECIMAL CLASSIFICATION NUMBER
Classification number 823.914 TOM
Edition number 22
100 1# - MAIN ENTRY--PERSONAL NAME
Personal name Tomlinson, Jill.
Relator term Author
245 10 - TITLE STATEMENT
Title More favourite animal tales :
Remainder of title The gorilla who wanted to grow up ; The penguin who wanted to find out ; The aardvark who wasn't sure /
Statement of responsibility, etc. Jill Tomlinson ; pictures by Paul Howard.
260 ## - PUBLICATION, DISTRIBUTION, ETC.
Place of publication, distribution, etc. London :
Name of publisher, distributor, etc. Egmont,
Date of publication, distribution, etc. 2008.
300 ## - PHYSICAL DESCRIPTION
Extent viii, 273 p. :
Other physical details ill. ;
Dimensions 20 cm.
336 ## - CONTENT TYPE
Content type term text
Source rdacontent
337 ## - MEDIA TYPE
Media type term unmediated
Source rdamedia
338 ## - CARRIER TYPE
Carrier type term volume
Source rdacarrier
500 ## - GENERAL NOTE
General note Formerly CIP.
Institution to which field applies Uk
505 0# - FORMATTED CONTENTS NOTE
Formatted contents note Contents: The gorilla who wanted to grow up. Originally published: London : Methuen, 1977 - The aardvark who wasn't sure. Originally published: London : Methuen, 1973 - The penguin who wanted to find out. Originally published: London : Methuen, 1975.
650 #0 - SUBJECT ADDED ENTRY--TOPICAL TERM
Topical term or geographic name entry element Animals
Form subdivision Juvenile fiction.
650 #0 - SUBJECT ADDED ENTRY--TOPICAL TERM
Topical term or geographic name entry element Children's stories, English.
700 1# - ADDED ENTRY--PERSONAL NAME
Personal name Howard, Paul,
Dates associated with a name 1967-
Relator term Illustrator
700 1# - ADDED ENTRY--PERSONAL NAME
Personal name Tomlinson, Jill.
Title of a work Gorilla who wanted to grow up.
700 1# - ADDED ENTRY--PERSONAL NAME
Personal name Tomlinson, Jill.
Title of a work Penguin who wanted to find out.
700 1# - ADDED ENTRY--PERSONAL NAME
Personal name Tomlinson, Jill.
Title of a work Aardvark who wasn't sure.
942 ## - ADDED ENTRY ELEMENTS (KOHA)
Source of classification or shelving scheme
Koha item type Books - Fiction
Holdings
Withdrawn status Lost status Source of classification or shelving scheme Damaged status Not for loan Collection code Permanent Location Current Location Shelving location Date acquired Total Checkouts Full call number Barcode Date last seen Date last checked out Price effective from Koha item type
          Fiction KH8 Primary School Library KH8 Primary School Library Fiction 2022-12-27 4 823.914 TOM KHPL000003010 2025-12-05 2024-10-17 2022-12-27 Books - Fiction

Powered By KH8 IT Dept